Normal view MARC view

Entry Personal Name

Number of records used in: 1

001 - CONTROL NUMBER

  • control field: 1239085

003 - CONTROL NUMBER IDENTIFIER

  • control field: OSt

005 - DATE AND TIME OF LATEST TRANSACTION

  • control field: 20260512114248.0

008 - FIXED-LENGTH DATA ELEMENTS

  • fixed length control field: 260512|| aca||aabn | a|a d

040 ## - CATALOGING SOURCE

  • Original cataloging agency: OSt
  • Transcribing agency: OSt

100 ## - HEADING--PERSONAL NAME

  • Personal name: Phanse, Sameer

670 ## - SOURCE DATA FOUND

  • Source citation: Work cat.: (OSt)1851221: Phanse, Sameer , Research methodology, 2016
Copyright @ Delhi University Library System